000
00307nam a22001337a 4500
008
170608b xxu||||| |||| 00| 0 eng d
020
_a
9780132393621
041
_a
eng
080
_a
32
100
_a
18
101
_a
shp
245
_a
POLITICS POWER AND THE COMMON GOOD
_c
MINTZ.E
942
_2
udc
_c
BK
999
_c
16468
_d
16468